[Event "Zuerich op-A 32nd"]
[Site "Zuerich"]
[Date "2008.12.29"]
[Round "5"]
[White "Dimitrov, Atanas Valtchev"]
[Black "Schaffner, David"]
[Result "1-0"]
[WhiteElo "2329"]
[BlackElo "1949"]
[PlyCount "59"]
[EventDate "2008.12.26"]
[EventType "swiss"]
[EventRounds "7"]
[EventCountry "SUI"]
[SourceTitle "CBM 127 Extra"]
[Source "ChessBase"]
[SourceDate "2009.01.08"]
[SourceVersion "2"]
[SourceVersionDate "2009.01.28"]
[SourceQuality "1"]

1. g3 d5 2. Bg2 c6 3. d3 e6 4. Nd2 Nf6 5. Ngf3 Be7 6. 0-0 0-0 7. e4 Nbd7 8. e5 Ng4 9. Re1 Qc7 10. Qe2 Nh6 11. Nf1 Nf5 12. g4 Nh4 13. Nxh4 Bxh4 14. g5 Qb6 15. Be3 Qxb2 16. d4 c5 17. Qg4 cxd4 18. Bxd4 Bxf2+ 19. Kxf2 Qxc2+ 20. Kg1 b6 21. a4 Ba6 22. Ne3 Qb3 23. Reb1 Qd3 24. Bf1 Qd2 25. Rd1 Qa5 26. Bxa6 Qxa6 27. Nxd5 Qc4 28. Nf6+ Kh8 29. Nxd7 Rfd8 30. Qf3 1-0

[Event "Bern op"]
[Site "Bern"]
[Date "2004.02.15"]
[Round "7"]
[White "Saxer, Bruno"]
[Black "Schaffner, David"]
[Result "0-1"]
[WhiteElo "1653"]
[BlackElo "1841"]
[PlyCount "52"]
[EventDate "2004.02.??"]
[EventType "swiss"]
[EventRounds "7"]
[EventCountry "SUI"]
[SourceTitle "EXT 2005"]
[Source "ChessBase"]
[SourceDate "2004.11.15"]
[SourceVersion "1"]
[SourceVersionDate "2004.11.15"]
[SourceQuality "1"]

1. e4 Nf6 2. e5 Nd5 3. Nf3 d6 4. c4 Nb6 5. d4 Bf5 6. Nh4 Bxb1 7. Rxb1 dxe5 8. c5 Nd5 9. dxe5 e6 10. Nf3 Bxc5 11. Bd3 Bb4+ 12. Kf1 h6 13. h4 c6 14. Nd4 Nd7 15. Nxe6 fxe6 16. Bg6+ Ke7 17. Rh3 Rf8 18. a3 Bc5 19. Rf3 Nxe5 20. Be4 Nxf3 21. Bxf3 Qb6 22. Qc2 Rf5 23. b4 Bd4 24. Bb2 Raf8 25. Rd1 Bxf2 26. Rxd5 cxd5 0-1

[Event "Bern op"]
[Site "Bern"]
[Date "2004.02.13"]
[Round "3"]
[White "Arquint, Andri"]
[Black "Schaffner, David"]
[Result "1-0"]
[WhiteElo "2108"]
[BlackElo "1841"]
[PlyCount "67"]
[EventDate "2004.02.??"]
[EventType "swiss"]
[EventRounds "7"]
[EventCountry "SUI"]
[SourceTitle "EXT 2005"]
[Source "ChessBase"]
[SourceDate "2004.11.15"]
[SourceVersion "1"]
[SourceVersionDate "2004.11.15"]
[SourceQuality "1"]

1. Nf3 Nf6 2. g3 d5 3. Bg2 c6 4. 0-0 Bg4 5. d3 Nbd7 6. Nbd2 e5 7. e4 dxe4 8. dxe4 Be7 9. h3 Bh5 10. b3 0-0 11. Bb2 Qc7 12. Qe1 Bb4 13. a3 Ba5 14. b4 Bb6 15. Nc4 Rfe8 16. Rd1 Bxf3 17. Bxf3 a5 18. g4 Nf8 19. Bc3 axb4 20. Bxb4 c5 21. Bc3 Rad8 22. Rxd8 Qxd8 23. Bxe5 Rxe5 24. Nxe5 Bc7 25. Nd3 c4 26. Nb4 Ng6 27. Qd1 Qe7 28. Qd4 Nf4 29. Re1 Nxh3+ 30. Kf1 Ng5 31. Bg2 Nxg4 32. Nd5 Nh2+ 33. Ke2 Qd7 34. Nf6+ 1-0

[Event "Bern op"]
[Site "Bern"]
[Date "2004.02.13"]
[Round "4"]
[White "Roth, Matthias"]
[Black "Schaffner, David"]
[Result "1-0"]
[WhiteElo "2157"]
[BlackElo "1841"]
[PlyCount "65"]
[EventDate "2004.02.??"]
[EventType "swiss"]
[EventRounds "7"]
[EventCountry "SUI"]
[SourceTitle "EXT 2005"]
[Source "ChessBase"]
[SourceDate "2004.11.15"]
[SourceVersion "1"]
[SourceVersionDate "2004.11.15"]
[SourceQuality "1"]

1. e4 Nf6 2. Nc3 d5 3. d4 dxe4 4. Bg5 Nbd7 5. Qe2 g6 6. Nxe4 Bg7 7. Nxf6+ Nxf6 8. 0-0-0 0-0 9. h4 c6 10. Qe3 Be6 11. a3 Nd5 12. Qd2 b5 13. Bh6 f6 14. Nf3 a5 15. Bd3 Bf7 16. g4 Qd6 17. Bxg7 Kxg7 18. h5 Qf4 19. hxg6 Qxd2+ 20. Kxd2 hxg6 21. g5 Rh8 22. Rhg1 Rh3 23. Be4 Rah8 24. Rde1 Re8 25. Kc1 Kf8 26. Nd2 f5 27. Bg2 Rh4 28. Nf3 Rf4 29. c3 Rc8 30. Re2 c5 31. dxc5 Rxc5 32. Ne5 b4 33. Nd7+ 1-0